000 00697nam a2200205Ia 4500
005 20241129105948.0
008 241129s9999||||xx |||||||||||||| ||und||
037 _aTB
040 _aARTS
_bhin
_cARTS
041 _ahin
_2hin
084 _aS:5 152M4
_qARTS
100 _aबोरा, राजमल, ले.
245 0 _aभाव उद्वेग और संवेदना
_cबोरा, राजमल, ले.
260 _aनई दिल्ली, भारत
_bनयी नेशनल पब्लिशिंग हाउस
_c2020
300 _a225पृ0
365 _aINR
_b200
650 _aPsychology
942 _cTB
_hS:5 152M4
999 _c1226783
_d1226783